00689nam a2200205Ia 450000100060000000800390000602000180004508200120006324500640007525000120013926000440015130000180019565300230021365300180023665300150025470000280026994200120029795201570030999900170046656420130429n1994 ii |||gr||||Z||||||346 a81-7293-253-7 a891.442 0aNatak Samagra :bVol-11 /cMonoj Mitra .hTextual Documents aIst ed. aKolkatabMitra & Ghosh publishersc1994 a483pg:c19cm. aBengali literature aBengali Natak aG- Bengali aMitra , Monoj,eAuthor. 2ddccBK 001040708General aSKBLbSKBLcG- Bengalid2013-04-29eBEf00000g225.00l0o891.442 Mi 697 Nap2910/Bengr2024-01-14 00:00:00t1w2013-04-29yBKzBE c56342d56342